00458nam a2200169 a 450000100060000000300090000600800410001502000150005604000280007108200090009910000240010824500260013226000510015830000100020965000300021965000390024918204CO-ViMGA141112s2004 ck r 000 u spa d a9681640055 aCO-ViMGAbspacCO-ViMGA aALLe1 aAllsburg, Chris Van10aLa escoba de la viuda aMexico, cFondo de cultura económica, c2002 a28.p.14aBRUJAS CUENTOS INFANTILES14aCUENTOS INFANTILES ESTADOUNIDENSES